| 000 | 00988nam a22003137a 4500 | ||
|---|---|---|---|
| 003 | OSt | ||
| 005 | 20141027092815.0 | ||
| 008 | 141017b xxu||||| |||| 00| 0 eng d | ||
| 020 | _a978-84-92416-75-2 | ||
| 040 | _cBMC | ||
| 082 | _a200.1 | ||
| 082 | _a335.4092 | ||
| 082 | _a193.092 | ||
| 082 | _a150.195 | ||
| 100 | 1 |
_aTorralba Roselló, Francesc _926820 |
|
| 245 | 1 | 4 |
_aLos maestros de la sospecha _b: Marx, Nietzsche, Freud _cFrancesc Torralba ; [traducción del catalán, Carla Ros] |
| 250 | _a1ª ed | ||
| 260 |
_aBarcelona _bFragmenta _c2013 |
||
| 300 |
_a157 p. _c18 cm |
||
| 490 |
_aFragmentos _v22 |
||
| 504 | _aBibliografía: p. [155]-157 | ||
| 595 | _aTraducción de: Els mestres de la sospita. Marx, Nietzsche, Freud | ||
| 600 | 1 | 4 |
_aMarx, Karl _d1818-1883 _914116 |
| 600 | 1 | 4 |
_aNietzsche, Friedrich _d1844-1900 _922046 |
| 600 | 1 | 4 |
_aFreud, Sigmund _d1856-1939 _910566 |
| 650 | 2 | 4 |
_aReligión y filosofía _91387 |
| 700 | 1 |
_927277 _aRos, Carla |
|
| 942 |
_2ddc _cBK |
||
| 999 |
_c14720 _d14720 |
||